The theater of Fernando Arrabal : (Record no. 124485)
[ view plain ]
| 000 -LEADER | |
|---|---|
| fixed length control field | 00928cam a2200277 i 4500 |
| 001 - CONTROL NUMBER | |
| control field | 390888 |
| 003 - CONTROL NUMBER IDENTIFIER | |
| control field | ARRUPE |
| 005 - DATE AND TIME OF LATEST TRANSACTION | |
| control field | 20160323143030.0 |
| 008 - FIXED-LENGTH DATA ELEMENTS--GENERAL INFORMATION | |
| fixed length control field | 790910s1980 nyu b 001 0 eng |
| 010 ## - LIBRARY OF CONGRESS CONTROL NUMBER | |
| LC control number | 79002598 |
| 020 ## - INTERNATIONAL STANDARD BOOK NUMBER | |
| International Standard Book Number | 0814717713 : |
| Terms of availability | $15.00 |
| 020 ## - INTERNATIONAL STANDARD BOOK NUMBER | |
| International Standard Book Number | 0814717721 (pbk.) : |
| Terms of availability | $6.95 |
| 040 ## - CATALOGING SOURCE | |
| Original cataloging agency | DLC |
| Transcribing agency | DLC |
| Modifying agency | DLC |
| 050 00 - LIBRARY OF CONGRESS CALL NUMBER | |
| Classification number | PQ6601.R58 |
| Item number | Z64 |
| 082 00 - DEWEY DECIMAL CLASSIFICATION NUMBER | |
| Classification number | 842/.9/14 |
| 300 ## - PHYSICAL DESCRIPTION | |
| Dimensions | 24 cm. |
| 100 1# - MAIN ENTRY--PERSONAL NAME | |
| Personal name | Donahue, Thomas John, |
| Dates associated with a name | 1943- |
| 9 (RLIN) | 23386 |
| 245 14 - TITLE STATEMENT | |
| Title | The theater of Fernando Arrabal : |
| Remainder of title | a garden of earthly delights / |
| Statement of responsibility, etc | Thomas John Donahue. |
| 260 ## - PUBLICATION, DISTRIBUTION, ETC. (IMPRINT) | |
| Place of publication, distribution, etc | New York : |
| Name of publisher, distributor, etc | New York University Press, |
| Date of publication, distribution, etc | c1980. |
| 300 ## - PHYSICAL DESCRIPTION | |
| Extent | 153 p. ; |
| 490 0# - SERIES STATEMENT | |
| Series statement | The Gotham library of the New York University Press |
| 500 ## - GENERAL NOTE | |
| General note | Includes index. |
| 504 ## - BIBLIOGRAPHY, ETC. NOTE | |
| Bibliography, etc | Bibliography: p. 147-150. |
| 600 10 - SUBJECT ADDED ENTRY--PERSONAL NAME | |
| Personal name | Arrabal, Fernando |
| General subdivision | Criticism and interpretation. |
| 9 (RLIN) | 23387 |
| 906 ## - LOCAL DATA ELEMENT F, LDF (RLIN) | |
| a | 7 |
| b | cbc |
| c | orignew |
| d | 1 |
| e | ocip |
| f | 19 |
| g | y-gencatlg |
| 942 ## - ADDED ENTRY ELEMENTS (KOHA) | |
| Source of classification or shelving scheme | Library of Congress Classification |
| Koha item type | Monograph ( Printed materials) |
| Withdrawn status | Lost status | Source of classification or shelving scheme | Damaged status | Not for loan | Collection code | Home library | Current library | Shelving location | Date acquired | Total Checkouts | Full call number | Barcode | Date last seen | Price effective from | Koha item type |
|---|---|---|---|---|---|---|---|---|---|---|---|---|---|---|---|
| Library of Congress Classification | Main Collection | ARRUPE LIBRARY | ARRUPE LIBRARY | Main Collection | 23/03/2016 | PQ6601.R58 Z64 | 46500007042 | 23/03/2016 | 23/03/2016 | Monograph ( Printed materials) |